Tempo, Mito, História e Metáfora: breves considerações de Romila Thapar sobre a natureza do tempo na Índia.
, ,
| Main Author: | |
|---|---|
| Format: | Electronic Article |
| Language: | Portuguese |
| Check availability: | HBZ Gateway |
| Interlibrary Loan: | Interlibrary Loan for the Fachinformationsdienste (Specialized Information Services in Germany) |
| Published: |
2015
|
| In: |
Sacrilegens
Year: 2015, Volume: 12, Issue: 1 |
| Online Access: |
Volltext (lizenzpflichtig) |
MARC
| LEADER | 00000naa a22000002c 4500 | ||
|---|---|---|---|
| 001 | 1837976767 | ||
| 003 | DE-627 | ||
| 005 | 20230302153707.0 | ||
| 007 | cr uuu---uuuuu | ||
| 008 | 230302s2015 xx |||||o 00| ||por c | ||
| 035 | |a (DE-627)1837976767 | ||
| 035 | |a (DE-599)KXP1837976767 | ||
| 040 | |a DE-627 |b ger |c DE-627 |e rda | ||
| 041 | |a por | ||
| 084 | |a 0 |a 1 |2 ssgn | ||
| 100 | 1 | |a Carvalho, Matheus Landau de |e VerfasserIn |4 aut | |
| 245 | 1 | 0 | |a Tempo, Mito, História e Metáfora: breves considerações de Romila Thapar sobre a natureza do tempo na Índia. |
| 264 | 1 | |c 2015 | |
| 336 | |a Text |b txt |2 rdacontent | ||
| 337 | |a Computermedien |b c |2 rdamedia | ||
| 338 | |a Online-Ressource |b cr |2 rdacarrier | ||
| 520 | |a , , | ||
| 773 | 0 | 8 | |i Enthalten in |t Sacrilegens |d São Pedro : Instituto de Ciências Humanas, Universidade Federal de Juiz de Fora, 2004 |g 12(2015), 1 |h Online-Ressource |w (DE-627)1680049682 |w (DE-600)2988081-6 |x 2237-6151 |7 nnas |
| 773 | 1 | 8 | |g volume:12 |g year:2015 |g number:1 |
| 856 | 4 | 0 | |u https://periodicos.ufjf.br/index.php/sacrilegens/article/view/26810 |x Verlag |z lizenzpflichtig |3 Volltext |7 1 |
| 951 | |a AR | ||
| ELC | |a 1 | ||
| LOK | |0 000 xxxxxcx a22 zn 4500 | ||
| LOK | |0 001 4282618957 | ||
| LOK | |0 003 DE-627 | ||
| LOK | |0 004 1837976767 | ||
| LOK | |0 005 20230302153707 | ||
| LOK | |0 008 230302||||||||||||||||ger||||||| | ||
| LOK | |0 040 |a DE-Tue135 |c DE-627 |d DE-Tue135 | ||
| LOK | |0 092 |o n | ||
| LOK | |0 852 |a DE-Tue135 | ||
| LOK | |0 852 1 |9 00 | ||
| LOK | |0 935 |a ixzs |a ixzo |a rwrk | ||
| LOK | |0 939 |a 02-03-23 |b l01 | ||
| OAS | |a 1 |b inherited from superior work | ||
| ORI | |a SA-MARC-ixtheoa001.raw | ||
| REL | |a 1 | ||
| SUB | |a REL | ||



